| 000 | 01069nam a2200205Ii 4500 | ||
|---|---|---|---|
| 003 | JO-AjNU | ||
| 008 | 230605s9999||||xx |||||||||||||| ||und|| | ||
| 040 |
_aJO-AjNU _bara _erda _cJO-AjNU |
||
| 041 | _aara | ||
| 050 | 1 | 4 | _aKMM4405.J67.1985 |
| 100 | 3 |
_aأعداد مزاوي ، منير ، سالم ، توفيق , _eauthor _946625 |
|
| 245 | 0 | 0 | _aالمبادئ القانونية لمحكمة التمييز في القضايا الحقوقية المنشورة في مجلة نقابة المحامين منذ سنة 1981 حتى نهاية سنة 1985، الجزء الخامس - القسم الثاني (خ - ي ) |
| 250 | _a(د،ط) | ||
| 264 | 3 | 1 | _aعمان : نقابة المحامين ، 1985 |
| 300 | _aج5، القسم الثاني (ح-ي)، 638ص | ||
| 336 |
_atext _btxt _2rdacontent |
||
| 337 |
_aunmediated _bn _2rdamedia |
||
| 338 |
_avolume _bnc _2rdacarrier |
||
| 650 | 4 |
_aمحاكم النقض والإبرام -- الأردن -- الأردن. محكمة التمييز -- مجلة نقابة المحاميين (عمان، الأردن) _946626 |
|
| 999 |
_aA20298 _c23866 _d23866 |
||